| 000 | 00836cam a22002411 4500 | ||
|---|---|---|---|
| 001 | ne 68002213 | ||
| 003 | DLC | ||
| 005 | 20260227111843.0 | ||
| 008 | 860122s1964 ir acf 001 0 per | ||
| 010 | _ane 68002213 | ||
| 035 | _a(OCoLC)13049870 | ||
| 040 |
_aDLC _cTxU _dTxU _dDLC |
||
| 042 | _apremarc | ||
| 050 | 0 | 0 |
_aPK6561.F27 _bM3 |
| 100 | 2 | _aFaṣīḥī Tihrānī, Z̲abīh Allāh. | |
| 245 | 1 | 0 |
_aManẓūmah-i muntakhab-i mughān, yā, Nādir-i dawrān _cas̲ar-i Z̲abīh Allāh Faṣīḥī Tihrānī. |
| 260 |
_aTihrān, _bMūʼassasah-ʼi maṭbūʻātī-i Ashrafī, _c1343 [1964] |
||
| 300 |
_a21, 667 p. _billus., col. plates, ports. (part col.) _c22 cm. |
||
| 500 | _aIncludes indexes. | ||
| 600 | 0 | 0 |
_aNādir Shāh, _cShah of Iran, _d1688-1747 _vPoetry. |
| 740 | 0 | _aMuntakhab-i mughān. | |
| 740 | 0 | _aNādirdawrān. | |
| 999 |
_c50471 _d50471 |
||